<?xml version="1.0" encoding="UTF-8"?>
<record
    xmlns:xsi="http://www.w3.org/2001/XMLSchema-instance"
    xsi:schemaLocation="http://www.loc.gov/MARC21/slim http://www.loc.gov/standards/marcxml/schema/MARC21slim.xsd"
    xmlns="http://www.loc.gov/MARC21/slim">

  <leader>01045nam0a22002411  4500</leader>
  <controlfield tag="001">rc\3604041</controlfield>
  <controlfield tag="005">20250610050442.0</controlfield>
  <datafield tag="035" ind1=" " ind2=" ">
    <subfield code="a">(NLR Aleph) 007708879</subfield>
  </datafield>
  <datafield tag="090" ind1=" " ind2=" ">
    <subfield code="a">6828381</subfield>
    <subfield code="c">6828382</subfield>
  </datafield>
  <datafield tag="100" ind1=" " ind2=" ">
    <subfield code="a">20130115d1972    |||y0rusy50      ca</subfield>
  </datafield>
  <datafield tag="101" ind1="0" ind2=" ">
    <subfield code="a">rus</subfield>
  </datafield>
  <datafield tag="102" ind1=" " ind2=" ">
    <subfield code="a">RU</subfield>
  </datafield>
  <datafield tag="105" ind1=" " ind2=" ">
    <subfield code="a">y   z   |||||</subfield>
  </datafield>
  <datafield tag="200" ind1="1" ind2=" ">
    <subfield code="a">&#x41F;&#x440;&#x430;&#x432;&#x438;&#x43B;&#x430; &#x437;&#x430;&#x441;&#x442;&#x440;&#x43E;&#x439;&#x43A;&#x438; &#x433;. &#x41C;&#x43E;&#x441;&#x43A;&#x432;&#x44B; &#x438; &#x43B;&#x435;&#x441;&#x43E;&#x43F;&#x430;&#x440;&#x43A;&#x43E;&#x432;&#x43E;&#x433;&#x43E; &#x437;&#x430;&#x449;&#x438;&#x442;&#x43D;&#x43E;&#x433;&#x43E; &#x43F;&#x43E;&#x44F;&#x441;&#x430; (&#x41B;&#x41F;&#x417;&#x41F;)</subfield>
    <subfield code="f">&#x41C;&#x43E;&#x441;&#x433;&#x43E;&#x440;&#x438;&#x441;&#x43F;&#x43E;&#x43B;&#x43A;&#x43E;&#x43C;. &#x413;&#x43B;. &#x430;&#x440;&#x445;&#x438;&#x442;.-&#x43F;&#x43B;&#x430;&#x43D;&#x438;&#x440;&#x43E;&#x432;&#x43E;&#x447;&#x43D;&#x43E;&#x435; &#x443;&#x43F;&#x440;. &#x433;. &#x41C;&#x43E;&#x441;&#x43A;&#x432;&#x44B;. &#x41D;&#x430;&#x443;&#x447;.-&#x438;&#x441;&#x441;&#x43B;&#x435;&#x434;. &#x438; &#x43F;&#x440;&#x43E;&#x435;&#x43A;&#x442;&#x43D;&#x44B;&#x439; &#x438;&#x43D;-&#x442; &#x433;&#x435;&#x43D;. &#x43F;&#x43B;&#x430;&#x43D;&#x430; &#x433;. &#x41C;&#x43E;&#x441;&#x43A;&#x432;&#x44B;</subfield>
  </datafield>
  <datafield tag="210" ind1=" " ind2=" ">
    <subfield code="a">&#x41C;&#x43E;&#x441;&#x43A;&#x432;&#x430;</subfield>
    <subfield code="c">&#x411;. &#x438;.</subfield>
    <subfield code="d">1972</subfield>
  </datafield>
  <datafield tag="215" ind1=" " ind2=" ">
    <subfield code="a">33 &#x441;.</subfield>
    <subfield code="d">20</subfield>
  </datafield>
  <datafield tag="333" ind1=" " ind2=" ">
    <subfield code="a">&#x414;&#x43B;&#x44F; &#x441;&#x43B;&#x443;&#x436;&#x435;&#x431;&#x43D;&#x43E;&#x433;&#x43E; &#x43F;&#x43E;&#x43B;&#x44C;&#x437;&#x43E;&#x432;&#x430;&#x43D;&#x438;&#x44F;. &#x42D;&#x43A;&#x437;. &#x2116; 000005</subfield>
  </datafield>
  <datafield tag="532" ind1="1" ind2="2">
    <subfield code="a">&#x41F;&#x440;&#x430;&#x432;&#x438;&#x43B;&#x430; &#x437;&#x430;&#x441;&#x442;&#x440;&#x43E;&#x439;&#x43A;&#x438; &#x433;&#x43E;&#x440;&#x43E;&#x434;&#x430; &#x41C;&#x43E;&#x441;&#x43A;&#x432;&#x44B; &#x438; &#x43B;&#x435;&#x441;&#x43E;&#x43F;&#x430;&#x440;&#x43A;&#x43E;&#x432;&#x43E;&#x433;&#x43E; &#x437;&#x430;&#x449;&#x438;&#x442;&#x43D;&#x43E;&#x433;&#x43E; &#x43F;&#x43E;&#x44F;&#x441;&#x430; (&#x41B;&#x41F;&#x417;&#x41F;)</subfield>
  </datafield>
  <datafield tag="801" ind1=" " ind2="0">
    <subfield code="a">RU</subfield>
    <subfield code="b">NLR</subfield>
    <subfield code="g">psbo</subfield>
  </datafield>
  <datafield tag="801" ind1=" " ind2="1">
    <subfield code="a">RU</subfield>
    <subfield code="b">ELAR</subfield>
    <subfield code="2">rusmarc</subfield>
  </datafield>
  <datafield tag="852" ind1=" " ind2=" ">
    <subfield code="a">NLR</subfield>
    <subfield code="j">73-50&#x43A;/30</subfield>
  </datafield>
  <datafield tag="942" ind1=" " ind2=" ">
    <subfield code="c">BOOK</subfield>
  </datafield>
  <datafield tag="980" ind1=" " ind2=" ">
    <subfield code="a">NB</subfield>
  </datafield>
  <datafield tag="995" ind1=" " ind2=" ">
    <subfield code="5">2013-10-26</subfield>
    <subfield code="b">NLR01</subfield>
    <subfield code="c">NLR01</subfield>
    <subfield code="e">NZ5</subfield>
    <subfield code="f">7708879-10</subfield>
    <subfield code="k">73-50&#x43A;/30</subfield>
    <subfield code="o">0</subfield>
    <subfield code="r">BOOK</subfield>
    <subfield code="s">735030_</subfield>
  </datafield>
</record>
